8 mots dans mots : ope (mort subite) - Statistiques

Statistiques générales
  • Ce quiz a été pris 44 fois
  • Le résultat moyen est 6 sur 11
Answers on the Grid
Answers color-coded by a green-red scale on the quiz's grid according to % correct below.
Post---ratoire
Antipe---culaire
Micro---ette
Encycl---diste
Unipers---elle
Pseud---riodique
Ppip---tte
Pneum---ritoine
auto---ipement
Tour- ---rateur
Pparti---er
Indo-eur---enne
Télé---ratrice
Eman---er
Ad---use
Médico-psych---dagogique
 
Statistiques - réponses
Réponse % Correct
Post---ratoire
95%
Pseud---riodique
80%
Encycl---diste
78%
Indo-eur---enne
75%
Télé---ratrice
68%
Médico-psych---dagogique
65%
Tour- ---rateur
65%
Pneum---ritoine
63%
Unipers---elle
23%
Antipe---culaire
20%
Eman---er
13%
Aucun quiz correspondant
Distribution des résultats
% des personnes avec chaque résultat
Percentile par nombre de réponses
Votre historique - résultats
Vous n’avez pas pris ce quiz